| 000 | 00484nam a2200181Ia 4500 | ||
|---|---|---|---|
| 999 |
_c28267 _d28267 |
||
| 003 | OSt | ||
| 005 | 20201201094617.0 | ||
| 008 | 190216s9999||||xx |||||||||||||| ||und|| | ||
| 020 | _a8171804489 | ||
| 040 | _coclc | ||
| 082 |
_a894.8123 _bPAM/A |
||
| 100 |
_aPamman _97057 |
||
| 245 | 0 |
_aAmmini Ammavan / _cPamman |
|
| 260 |
_bPoorna Pubs, _c1995. _a Kozhikode: |
||
| 300 | _a224p | ||
| 650 | _aMalayalam | ||
| 942 |
_cBK _2ddc _h894.8123 _iPAM/A _k894.8123 _mPAM/A |
||